书目信息 |
| 题名: |
大气气溶胶反演及其污染环境监测遥感
|
|
| 作者: | 査勇 著 | |
| 分册: | ||
| 出版信息: | 北京 科学出版社 2019 |
|
| 页数: | 243页 | |
| 开本: | 25cm | |
| 丛书名: | ||
| 单 册: | ||
| 中图分类: | X513 | |
| 科图分类: | ||
| 主题词: | 遥感技术--yao gan ji shu--应用--气溶胶--污染防治--大气监测 | |
| 电子资源: | ||
| ISBN: | 978-7-03-060850-5 | |
| 000 | 01136nam0 2200265 450 | |
| 001 | 012001001132 | |
| 005 | 20140107141546.0 | |
| 010 | @a978-7-03-060850-5@b精装@dCNY149.00 | |
| 099 | @aCAL 012019050017 | |
| 100 | @a20190417d2019 ekmy0chiy50 ea | |
| 101 | 0 | @achi |
| 102 | @aCN@b110000 | |
| 105 | @aak a 000yy | |
| 106 | @ar | |
| 200 | 1 | @a大气气溶胶反演及其污染环境监测遥感@Ada qi qi rong jiao fan yan ji qi wu ran huan jing jian ce yao gan@f査勇 ... [等] 著 |
| 210 | @a北京@c科学出版社@d2019 | |
| 215 | @a243页@c图@d25cm | |
| 320 | @a有书目 (第231-243页) | |
| 330 | @a本书是作者近年有关大气气溶胶反演及其污染环境监测遥感的最新研究进展,共分7章,主要包括太阳光度计、光学、偏振、激光雷达卫星反演气溶胶的技术和方法,云对气溶胶卫星遥感的影响,大气污染气溶胶颗粒物浓度估算,雾霾遥感检测方法,区域气溶胶污染变化监测及其影响分析等内容。 | |
| 333 | @a大气气溶胶、地理环境遥感与生态环境保护等领域的科研人员和相关专业的研究生 | |
| 606 | 0 | @a遥感技术@Ayao gan ji shu@x应用@x气溶胶@x污染防治@x大气监测 |
| 690 | @aX513@v5 | |
| 701 | 0 | @a査勇@Azha yong@4著 |
| 801 | 0 | @aCN@b北京卓展@c20191020 |
| 905 | @b1201483-5@dX513@e206@f3 | |
| 大气气溶胶反演及其污染环境监测遥感/査勇 ... [等] 著.-北京:科学出版社,2019 |
| 243页:图;25cm |
| 使用对象:大气气溶胶、地理环境遥感与生态环境保护等领域的科研人员和相关专业的研究生 |
| ISBN 978-7-03-060850-5(精装):CNY149.00 |
| 本书是作者近年有关大气气溶胶反演及其污染环境监测遥感的最新研究进展,共分7章,主要包括太阳光度计、光学、偏振、激光雷达卫星反演气溶胶的技术和方法,云对气溶胶卫星遥感的影响,大气污染气溶胶颗粒物浓度估算,雾霾遥感检测方法,区域气溶胶污染变化监测及其影响分析等内容。 |
| ● |
| 相关链接 |
|
|
|
|
正题名:大气气溶胶反演及其污染环境监测遥感
索取号:X513/206
 
预约/预借
| 序号 | 登录号 | 条形码 | 馆藏地/架位号 | 状态 | 备注 |
| 1 | 1201483 | 212014835 | 第二样本阅览室/ [索取号:X513/206] | 在馆 | |
| 2 | 1201484 | 212014844 | 第三借阅区/ [索取号:X513/206] | 在馆 | |
| 3 | 1201485 | 212014853 | 第三借阅区/ [索取号:X513/206] | 在馆 |